Vyjadrenie názoru na vývoj aktív v modeli Black - Litterman

Charakteristika modelu Black - Litterman. Systém B-L modelu založený na princípe reverznej optimalizácie (reverse optimalization) a bayesovom prístupe (the bayesain approach). Bayesov prístup. Black - Littermanova formulka. Vyjdarenie postoja investora.

Salvato in:
Dettagli Bibliografici
Autore principale: Rusina, Michal
Natura: Capitolo di libro
Lingua:slovacco
Soggetti:
Tags: Aggiungi Tag
Nessun Tag, puoi essere il primo ad aggiungerne!!

MARC

LEADER 00000nla$a2200000$$$4500
001 0143166
005 20240502072551.5
041 0 |a slo 
044 |a SK 
245 1 0 |a Vyjadrenie názoru na vývoj aktív v modeli Black - Litterman  |c Michal Rusina 
520 |a Charakteristika modelu Black - Litterman. Systém B-L modelu založený na princípe reverznej optimalizácie (reverse optimalization) a bayesovom prístupe (the bayesain approach). Bayesov prístup. Black - Littermanova formulka. Vyjdarenie postoja investora. 
610 2 0 |a investície 
610 2 0 |a investori 
610 2 0 |a investovanie 
610 2 0 |a financie 
610 2 0 |a aktíva 
610 2 0 |a výnosy 
610 2 0 |a optimalizácia 
100 1 |a Rusina, Michal